Một số vấn đề cần biết về gạo xuất khẩu

Tallennettuna:
Bibliografiset tiedot
Päätekijä: Bùi Chí Bửu
Aineistotyyppi: Kirja
Kieli:Undetermined
Julkaistu: Tp. HCM Nông Nghiệp 2000
Aiheet:
Tagit: Lisää tagi
Ei tageja, Lisää ensimmäinen tagi!
Thư viện lưu trữ: Trung tâm Học liệu Trường Đại học Cần Thơ
LEADER 00562nam a2200181Ia 4500
001 CTU_51347
008 210402s9999 xx 000 0 und d
082 |a 338.17 
082 |b B566 
100 |a Bùi Chí Bửu 
245 0 |a Một số vấn đề cần biết về gạo xuất khẩu 
245 0 |c Bùi Chí Bửu và Nguyễn Thị Lang 
260 |a Tp. HCM 
260 |b Nông Nghiệp 
260 |c 2000 
650 |a agriculture 
650 |x economic aspects 
980 |a Trung tâm Học liệu Trường Đại học Cần Thơ